[Event "FIDE World Rapid-ch Open 2018"]
[White "Indjic, Aleksandar"]
[Black "Savchenko, Boris"]
[Site "St. Petersburg"]
[Round "15.30"]
[Annotator "ChessBase"]
[Result "0-1"]
[Date "2018.12.28"]
[WhiteElo "2620"]
[BlackElo "2562"]
[PlyCount "100"]
[TimeControl "900+10"]

1. d4 {[%emt 0:0:0]} Nf6 {[%emt 0:0:0]} 2. Nf3 {[%emt 0:0:0]} g6 {[%emt 0:0:0]
} 3. Bg5 {[%emt 0:0:0]} Bg7 {[%emt 0:0:0]} 4. Nbd2 {[%emt 0:0:0]} d6 {[%emt 0:0:2]} 5. c3 {[%emt 0:0:2]} Nbd7 {[%emt 0:0:2]} 6. e4 {[%emt 0:0:46]} h6 {[%emt 0:0:22]} 7. Bh4 {[%emt 0:0:5]} Nh5 {[%emt 0:0:0]} 8. Nc4 {[%emt 0:0:6]} g5 {[%emt 0:0:30]} 9. Nfd2 {[%emt 0:0:30]} Ndf6 {[%emt 0:0:11]} 10. Bg3 {[%emt 0:0:2]} Nxg3 {[%emt 0:0:51]} 11. hxg3 {[%emt 0:0:3]
} d5 {[%emt 0:0:25]} 12. e5 {[%emt 0:0:26]} dxc4 {[%emt 0:0:0]} 13. exf6 {[%emt 0:0:2]} exf6 {[%emt 0:0:21]} 14. Nxc4 {[%emt 0:0:31]} f5 {[%emt 0:2:31]} 15. Bd3 {[%emt 0:0:43]} 0-0 {[%emt 0:2:50]} 16. 0-0 {[%emt 0:0:4]
} f4 {[%emt 0:2:15]} 17. gxf4 {[%emt 0:0:36]} gxf4 {[%emt 0:0:0]} 18. Re1 {[%emt 0:0:44]} Be6 {[%emt 0:0:44]} 19. Rxe6 {[%emt 0:1:14]} fxe6 {[%emt 0:0:2]} 20. Qg4 {[%emt 0:0:4]} Qf6 {[%emt 0:3:13]} 21. Ne5 {[%emt 0:0:23]
} Rad8 {[%emt 0:0:22]} 22. Re1 {[%emt 0:0:13]} c5 {[%emt 0:0:0]} 23. Ng6 {[%emt 0:1:50]} Rfe8 {[%emt 0:0:7]} 24. Nxf4 {[%emt 0:0:29]} cxd4 {[%emt 0:0:54]} 25. Nxe6 {[%emt 0:1:10]} dxc3 {[%emt 0:0:9]} 26. Bc4 {[%emt 0:0:3]
} Kh8 {[%emt 0:0:14]} 27. bxc3 {[%emt 0:0:18]} Rd2 {[%emt 0:0:0]} 28. Rf1 {[%emt 0:0:57]} b5 {[%emt 0:0:20]} 29. Bb3 {[%emt 0:0:11]} a5 {[%emt 0:0:9]
} 30. Nf4 {[%emt 0:2:12]} a4 {[%emt 0:0:5]} 31. Bd1 {[%emt 0:0:0]} Qg5 {[%emt 0:0:40]} 32. Qf3 {[%emt 0:0:1]} Rf8 {[%emt 0:0:8]} 33. g3 {[%emt 0:0:1]} Rxa2 {[%emt 0:0:7]} 34. Kh1 {[%emt 0:0:15]} Rd2 {[%emt 0:0:12]
} 35. Qe4 {[%emt 0:1:11]} Rxd1 {[%emt 0:0:15]} 36. Rxd1 {[%emt 0:0:11]
} Rxf4 {[%emt 0:0:3]} 37. gxf4 {[%emt 0:0:3]} Qh5+ {[%emt 0:0:0]} 38. Kg2 {[%emt 0:0:1]} Qg4+ {[%emt 0:0:5]} 39. Kh2 {[%emt 0:0:1]} Qxd1 {[%emt 0:0:12]} 40. Qe8+ {[%emt 0:0:2]} Kh7 {[%emt 0:0:1]} 41. Qe4+ {[%emt 0:0:3]
} Kg8 {[%emt 0:0:2]} 42. Qe8+ {[%emt 0:0:3]} Bf8 {[%emt 0:0:0]} 43. Qe6+ {[%emt 0:1:25]} Kg7 {[%emt 0:0:2]} 44. Qe5+ {[%emt 0:0:1]} Kf7 {[%emt 0:0:1]} 45. Qf5+ {[%emt 0:0:1]} Ke8 {[%emt 0:0:12]} 46. Qxb5+ {[%emt 0:0:41]
} Qd7 {[%emt 0:0:2]} 47. Qh5+ {[%emt 0:0:2]} Ke7 {[%emt 0:0:0]} 48. c4 {[%emt 0:0:44]} Qd4 {[%emt 0:0:34]} 49. Qe2+ {[%emt 0:0:15]} Kf6 {[%emt 0:0:8]} 50. Qe8 {[%emt 0:1:8]} Qxf2+ {[%emt 0:0:13]} 0-1

[Event "FIDE World Rapid-ch Open 2018"]
[White "Pantsulaia, Levan"]
[Black "Hovhannisyan, Robert"]
[Site "St. Petersburg"]
[Round "15.31"]
[Annotator "ChessBase"]
[Result "1-0"]
[Date "2018.12.28"]
[WhiteElo "2597"]
[BlackElo "2637"]
[PlyCount "147"]
[TimeControl "900+10"]

1. c4 {[%emt 0:0:0]} c6 {[%emt 0:0:4]} 2. g3 {[%emt 0:0:0]} d5 {[%emt 0:0:0]} 3. Bg2 {[%emt 0:0:0]} e5 {[%emt 0:0:2]} 4. cxd5 {[%emt 0:0:0]} cxd5 {[%emt 0:0:2]} 5. d4 {[%emt 0:0:44]} Bb4+ {[%emt 0:0:3]} 6. Bd2 {[%emt 0:0:17]
} Bxd2+ {[%emt 0:0:3]} 7. Qxd2 {[%emt 0:0:6]} e4 {[%emt 0:0:0]} 8. Nc3 {[%emt 0:0:8]} Nc6 {[%emt 0:0:11]} 9. Nh3 {[%emt 0:0:18]} f5 {[%emt 0:0:40]
} 10. 0-0 {[%emt 0:0:6]} Nf6 {[%emt 0:0:7]} 11. Nf4 {[%emt 0:0:0]} 0-0 {[%emt 0:0:52]} 12. f3 {[%emt 0:0:2]} Qd6 {[%emt 0:0:41]} 13. Rac1 {[%emt 0:0:28]} g5 {[%emt 0:1:50]} 14. Nh3 {[%emt 0:0:3]} h6 {[%emt 0:0:0]} 15. fxe4 {[%emt 0:0:54]} dxe4 {[%emt 0:0:55]} 16. e3 {[%emt 0:1:20]} Be6 {[%emt 0:0:58]} 17. Nf2 {[%emt 0:0:3]} g4 {[%emt 0:2:27]} 18. Qe2 {[%emt 0:1:38]
} Rad8 {[%emt 0:0:25]} 19. a3 {[%emt 0:0:24]} h5 {[%emt 0:0:0]} 20. Qb5 {[%emt 0:0:57]} Rd7 {[%emt 0:0:30]} 21. Nfxe4 {[%emt 0:1:52]} Nxe4 {[%emt 0:0:46]} 22. Nxe4 fxe4 {[%emt 0:0:2]} 23. Qxh5 {[%emt 0:1:9]} Rg7 {[%emt 0:2:44]} 24. Rxf8+ {[%emt 0:1:26]} Qxf8 {[%emt 0:0:3]} 25. Bxe4 {[%emt 0:0:2]} Bf7 {[%emt 0:0:13]} 26. Qh6 {[%emt 0:0:5]} Qe7 {[%emt 0:0:0]} 27. Bg2 {[%emt 0:0:42]} Rg5 {[%emt 0:0:47]} 28. Rc3 {[%emt 0:1:30]} Rg6 {[%emt 0:0:53]} 29. Qf4 {[%emt 0:0:2]} Kg7 {[%emt 0:0:14]} 30. Rc5 {[%emt 0:0:51]
} Qd6 {[%emt 0:1:9]} 31. b4 {[%emt 0:0:4]} a6 {[%emt 0:0:28]
} 32. Rf5 {[%emt 0:0:14]} Nd8 {[%emt 0:1:2]} 33. Kf2 {[%emt 0:0:30]} Qe6 {[%emt 0:0:8]
} 34. Kg1 {[%emt 0:1:6]} Qd6 {[%emt 0:0:9]} 35. d5 {[%emt 0:0:0]} Qxf4 {[%emt 0:0:22]} 36. gxf4 {[%emt 0:0:2]} g3 {[%emt 0:0:2]} 37. hxg3 {[%emt 0:0:25]} Rxg3 {[%emt 0:0:1]} 38. Kf2 {[%emt 0:0:2]} Rg4 {[%emt 0:0:7]
} 39. Bf3 {[%emt 0:0:12]} Rh4 {[%emt 0:0:6]} 40. Kg3 {[%emt 0:0:0]} Rh6 {[%emt 0:0:6]} 41. e4 {[%emt 0:0:1]} a5 {[%emt 0:0:31]} 42. Rg5+ {[%emt 0:0:58]} Kf8 {[%emt 0:0:6]} 43. bxa5 {[%emt 0:0:22]} Ra6 {[%emt 0:0:15]
} 44. e5 {[%emt 0:0:6]} Rxa5 {[%emt 0:0:10]} 45. e6 {[%emt 0:0:0]} Bxe6 {[%emt 0:0:12]} 46. dxe6 {[%emt 0:0:2]} Rxg5+ {[%emt 0:0:3]} 47. fxg5 {[%emt 0:0:2]} Nxe6 {[%emt 0:0:2]} 48. Kg4 {[%emt 0:0:47]} b5 {[%emt 0:0:8]
} 49. Be2 {[%emt 0:0:10]} Nd4 {[%emt 0:0:9]} 50. Bd3 {[%emt 0:0:0]} Kf7 {[%emt 0:0:23]} 51. Kh4 {[%emt 0:0:29]} Kf8 {[%emt 0:0:8]} 52. Kh5 {[%emt 0:0:9]} Kg7 {[%emt 0:0:3]} 53. Kg4 {[%emt 0:0:7]} b4 {[%emt 0:0:0]} 54. a4 {[%emt 0:0:20]} b3 {[%emt 0:0:9]} 55. Be4 {[%emt 0:0:27]} Ne6 {[%emt 0:0:15]} 56. a5 {[%emt 0:0:5]} Nc5 {[%emt 0:0:1]} 57. Bf5 {[%emt 0:0:20]
} Kf7 {[%emt 0:0:10]} 58. Kf4 {[%emt 0:0:16]} Ne6+ {[%emt 0:0:0]} 59. Ke5 {[%emt 0:0:8]} Nc5 {[%emt 0:0:24]} 60. Kd5 {[%emt 0:0:6]} Na6 {[%emt 0:0:1]} 61. Kc4 {[%emt 0:0:11]} b2 {[%emt 0:0:1]} 62. Kc3 {[%emt 0:0:0]} Ke7 {[%emt 0:0:1]} 63. Kxb2 {[%emt 0:0:4]} Nc7 {[%emt 0:0:13]} 64. Kb3 {[%emt 0:0:5]} Kd6 {[%emt 0:0:7]} 65. Kc4 {[%emt 0:0:13]} Ke5 {[%emt 0:0:27]
} 66. Bc2 {[%emt 0:0:8]} Kd6 {[%emt 0:0:6]} 67. g6 {[%emt 0:0:0]} Ne6 {[%emt 0:0:3]} 68. Bf5 {[%emt 0:0:9]} Ng7 {[%emt 0:0:4]} 69. Be4 {[%emt 0:0:5]} Kc7 {[%emt 0:0:11]} 70. Kb5 {[%emt 0:0:6]} Ne8 {[%emt 0:0:12]
} 71. Kc5 {[%emt 0:0:3]} Ng7 {[%emt 0:0:12]} 72. Bd5 {[%emt 0:0:0]} Ne8 {[%emt 0:0:25]} 73. a6 {[%emt 0:0:5]} Nf6 {[%emt 0:0:15]} 74. g7 {[%emt 0:0:7]} 1-0

[Event "FIDE World Rapid-ch Open 2018"]
[White "Alekseev, Evgeny"]
[Black "Lomasov, Semyon"]
[Site "St. Petersburg"]
[Round "15.32"]
[Annotator "ChessBase"]
[Result "1-0"]
[Date "2018.12.28"]
[WhiteElo "2639"]
[BlackElo "2553"]
[PlyCount "75"]
[TimeControl "900+10"]

1. e4 {[%emt 0:0:0]} e5 {[%emt 0:0:0]} 2. Nf3 {[%emt 0:0:0]} Nc6 {[%emt 0:0:0]
} 3. Bb5 {[%emt 0:0:6]} a6 {[%emt 0:0:0]} 4. Ba4 {[%emt 0:0:0]} Nf6 {[%emt 0:0:1]} 5. d3 {[%emt 0:0:9]} b5 {[%emt 0:0:5]} 6. Bb3 {[%emt 0:0:2]
} Bc5 {[%emt 0:0:2]} 7. 0-0 {[%emt 0:1:11]} d6 {[%emt 0:0:5]
} 8. c3 {[%emt 0:0:3]} h6 {[%emt 0:0:9]} 9. Be3 {[%emt 0:0:49]} Bxe3 {[%emt 0:0:39]
} 10. fxe3 {[%emt 0:0:2]} 0-0 {[%emt 0:0:6]} 11. Nbd2 {[%emt 0:0:5]
} Be6 {[%emt 0:0:11]} 12. Bc2 {[%emt 0:0:7]} Ne7 {[%emt 0:0:0]} 13. Nh4 {[%emt 0:0:8]} c5 {[%emt 0:0:15]} 14. Qe2 {[%emt 0:1:9]} Nc6 {[%emt 0:1:51]} 15. Nf5 {[%emt 0:3:50]} d5 {[%emt 0:0:14]} 16. exd5 {[%emt 0:0:26]
} Nxd5 {[%emt 0:0:2]} 17. Rae1 {[%emt 0:1:30]} Nce7 {[%emt 0:0:0]} 18. Nh4 {[%emt 0:0:41]} Nc6 {[%emt 0:0:29]} 19. Qf2 {[%emt 0:0:21]} f5 {[%emt 0:2:52]} 20. e4 {[%emt 0:1:22]} fxe4 {[%emt 0:0:35]} 21. Qxf8+ {[%emt 0:0:10]
} Qxf8 {[%emt 0:0:1]} 22. Rxf8+ {[%emt 0:0:2]} Rxf8 {[%emt 0:0:0]} 23. Nxe4 {[%emt 0:0:17]} c4 {[%emt 0:0:40]} 24. dxc4 {[%emt 0:0:11]} bxc4 {[%emt 0:0:2]} 25. Nc5 {[%emt 0:0:32]} Bc8 {[%emt 0:0:3]} 26. Nf3 {[%emt 0:1:20]
} Bg4 {[%emt 0:1:31]} 27. Nxe5 {[%emt 0:2:12]} Nxe5 {[%emt 0:0:0]} 28. Rxe5 {[%emt 0:0:2]} Nf4 {[%emt 0:0:1]} 29. h3 {[%emt 0:0:30]} Be2 {[%emt 0:0:1]} 30. Rf5 {[%emt 0:0:57]} Rc8 {[%emt 0:1:43]} 31. Rxf4 {[%emt 0:0:44]
} Rxc5 {[%emt 0:0:1]} 32. Kf2 {[%emt 0:0:2]} Bd3 {[%emt 0:0:0]} 33. Bxd3 {[%emt 0:0:13]} cxd3 {[%emt 0:0:1]} 34. Ke3 {[%emt 0:0:8]} Rd5 {[%emt 0:0:21]} 35. Rd4 {[%emt 0:0:20]} Re5+ {[%emt 0:0:9]} 36. Kxd3 {[%emt 0:0:5]
} Re1 {[%emt 0:0:1]} 37. Rf4 {[%emt 0:0:32]} Rd1+ {[%emt 0:0:0]} 38. Ke4 1-0

[Event "FIDE World Rapid-ch Open 2018"]
[White "Levin, Evgeny A."]
[Black "Yudin, Sergei"]
[Site "St. Petersburg"]
[Round "15.33"]
[Annotator "ChessBase"]
[Result "1/2-1/2"]
[Date "2018.12.28"]
[WhiteElo "2516"]
[BlackElo "2507"]
[PlyCount "44"]
[TimeControl "900+10"]

1. d4 {[%emt 0:0:0]} d5 {[%emt 0:0:0]} 2. c4 {[%emt 0:0:0]} e6 {[%emt 0:0:0]} 3. Nf3 {[%emt 0:0:0]} c6 {[%emt 0:0:0]} 4. Bg5 {[%emt 0:0:17]} Be7 {[%emt 0:0:8]} 5. Bxe7 {[%emt 0:0:4]} Qxe7 {[%emt 0:0:1]} 6. Qc2 {[%emt 0:0:26]
} Nf6 {[%emt 0:0:12]} 7. e3 {[%emt 0:0:3]} Nbd7 {[%emt 0:0:0]} 8. Nc3 {[%emt 0:0:3]} 0-0 {[%emt 0:0:10]} 9. cxd5 {[%emt 0:1:5]} Nxd5 {[%emt 0:0:56]} 10. Be2 {[%emt 0:0:36]} Nxc3 {[%emt 0:1:6]} 11. Qxc3 {[%emt 0:0:2]
} c5 {[%emt 0:0:27]} 12. 0-0 {[%emt 0:0:42]} b6 {[%emt 0:0:7]
} 13. Rfd1 {[%emt 0:0:21]} Bb7 {[%emt 0:0:10]} 14. Rac1 {[%emt 0:0:17]} Rfc8 {[%emt 0:0:35]} 15. Qa3 {[%emt 0:0:58]} Kf8 {[%emt 0:0:42]} 16. dxc5 {[%emt 0:0:45]
} Nxc5 {[%emt 0:1:32]} 17. Nd4 {[%emt 0:0:16]} a5 {[%emt 0:0:0]} 18. Bf3 {[%emt 0:0:52]} Bxf3 {[%emt 0:0:9]} 19. Nxf3 {[%emt 0:0:2]} Rd8 {[%emt 0:0:50]} 20. Qc3 {[%emt 0:0:21]} Rxd1+ {[%emt 0:0:13]} 21. Rxd1 {[%emt 0:0:1]
} Rd8 {[%emt 0:0:6]} 22. Qc2 {[%emt 0:0:34]} Rxd1+ {[%emt 0:0:0]} 1/2-1/2

[Event "FIDE World Rapid-ch Open 2018"]
[White "Fedoseev, Vladimir"]
[Black "Tsydypov, Zhamsaran"]
[Site "St. Petersburg"]
[Round "15.34"]
[Annotator "TA"]
[Result "0-1"]
[Date "2018.12.28"]
[WhiteElo "2719"]
[BlackElo "2529"]
[PlyCount "76"]

1. e4 {} c5 2. Nf3 d6 3. Bb5+ Nd7 4. c3 Ngf6 5. Qe2 a6 6. Ba4 {} b5 7. Bc2 Bb7 8. 0-0 e6 9. d4 {LiveBook: 85 Games. B51: Sicilian: Moscow Variation 
(3 Bb5+) without 3...Bd7} Rc8 (9... Be7 10. Nbd2 0-0 11. e5 Nd5 12. Ne4 Qc7 13. exd6 Bxd6 14. Nxd6 Qxd6 15. dxc5 Qxc5 {1/2-1/2 (58) Kovalev,V (2648)
-Grandelius,N (2652) Sharjah 2018} )10. Bd3 $146 ({Predecessor:} 10. Rd1 Qc7 11. Bd3 Be7 12. Nbd2 0-0 13. Nf1 Rfe8 14. Ng3 Bf8 15. a4 c4 16. Bc2 e5 {
1-0 (48) Novichkov,V (2380)-Vorobiov,E (2320) Moscow 1996} )Nb6 11. Bf4 {
White has an edge.} Be7 12. Nbd2 0-0 13. Rfe1 cxd4 14. cxd4 Nc4 15. Nxc4 bxc4 16. Bxc4 Bxe4 17. Bxa6 Rc2 18. Nd2 Rxb2 {} 19. a4 ({Better is} 19. Qf1 $15 Bg6 20. Nc4 )Qa8 $17 20. g3 Bh1 {
} 21. Qf1 Nd5 $1 {} 22. Nc4 {[#]} Nxf4 $1 {
} 23. gxf4 Rb3 24. Bb5 Rf3 25. d5 Qxd5 26. Rad1 {[#]} Qa8 $1 $40 {
 White is in trouble.} 27. Nb6 Qb7 28. Nd5 exd5 29. Kxh1 {Hoping for
Qe2.} Rxf4 30. Qg2 Bh4 ({Black should try} 30... Rc8 $17 31. Qxd5 Qa7 )31. Qxd5 $15 Qc8 32. Rc1 {[#]} (32. Qxd6 $15 Rxf2 33. Re4 )Qd8 $1 $17 33. Rc6 (33. Qc6 $17 {was necessary.} )Bxf2 $19 34. Rxd6 $2 (34. Rd1 $17 )Qh4 35. Re8 $2 (35. Rd1 $19 Rg4 36. Rc6 )Rxe8 {Black mates.} 36. Bxe8 {[#]} Bb6 $1 {} 37. Bb5 (37. Rxb6 Rf1+ )Qe1+ 38. Kg2 Qf2+ {Accuracy:
White = 25%, Black = 76%.} 0-1

[Event "FIDE World Rapid-ch Open 2018"]
[White "Khanin, Semen"]
[Black "Harikrishna, Pentala"]
[Site "St. Petersburg"]
[Round "15.35"]
[Annotator "TA"]
[Result "1-0"]
[Date "2018.12.28"]
[WhiteElo "2514"]
[BlackElo "2725"]
[PlyCount "101"]

1. e4 {} c5 2. Nf3 e6 3. d4 cxd4 4. Nxd4 Nc6 5. Nc3 Qc7 6. Be3 a6 7. Qf3 {B48: Sicilian: Taimanov: 5 Nc3 Qc7 6 Be3 a6 without Be2} Nf6 8. 0-0-0 h5 (8... d6 9. Nxc6 Qxc6 10. g4 b5 11. g5 Nd7 12. a3 Bb7 13. Qh3 Rc8 14. g6 Nf6 {0-1 (55) Durarbayli,V (2629)-Cori Tello,J (2664) Saint Louis 2018} )9. Nxc6 dxc6 {LiveBook: 9 Games} 10. Qg3 e5 {...h4 is the strong threat.} 11. Be2 Ng4 12. Bxg4 $146 ({Predecessor:} 12. Bg5 Be6 13. h3 Nf6 14. f4 Be7 {
1-0 (33) Mihok,O (2550)-Csonka,A (2355) Ajka 2018} )Bxg4 13. f3 Be6 14. Qf2 Bb4 15. Bb6 Qe7 {[#]} 16. Qe3 $1 0-0 17. a3 Bxc3 18. Qxc3 Qg5+ 19. Be3 Qf6 (19... Qxg2 20. Qxe5 Qxf3 21. Bd4 $17 )20. h4 $36 { White is in
control.} Rfe8 21. Rd2 a5 22. Bb6 {} Ra6 23. Bc7 Bc8 24. Rhd1 {Threatens to win with Rd8.} (24. Bxa5 b6 $17 )c5 $2 {} (24... Ra8 $16 )25. Rd8 $18 Rae6 26. Qxc5 (26. Qxa5 $142 Qxh4 27. Kb1 (27. Qxc5 Kh7 $18 ))Kh7 27. Bxe5 Qxh4 28. Rxe8 ({But not} 28. Rxc8 $6 Rxe5 29. Qc3 Qg5+ 30. Rd2 Rxc8 $16 )Rxe8 29. Bc3 Be6 30. Qxa5 Kg6 (30... f6 {was necessary.} 31. b3 Qg5+ 32. Qxg5 fxg5 )31. Kb1 Qg3 32. Qc5 h4 33. Be5 Ba2+ (33... Qg5 {might work better.} 34. f4 Qg4 )34. Kxa2 Rxe5 {
Endgame KQR-KQR} 35. Qc7 f6 36. Rd2 (36. Qxb7 Qxg2 37. f4 Rxe4 $16 )b5 37. Qc3 Kh7 38. Qe3 Rg5 39. Qd3 Qe5 40. Qd5 Qh2 41. Qd3 Qe5 $1 42. f4 Qxf4 43. e5+ $1 {} Kh6 {[#]} 44. e6 $1 {} Re5 $2 (44... Rg3 45. Qd4 Qxd4 46. Rxd4 Re3 )45. Re2 Qg4 46. Rxe5 fxe5 47. Qd5 ({
Weaker is} 47. Qe3+ g5 $14 )Qg5 48. Qd6 (48. Qxb5 $142 Qf6 49. Qd7 )Qg6 $2 (48... Qf6 49. Kb3 g5 )49. Qxe5 {White is clearly winning.} Qxc2 50. Qf4+ (50. Qe3+ $142 g5 51. e7 Qc4+ 52. Qb3 )Kg6 51. Qf7+ {Precision:
White = 53%, Black = 42%.} 1-0

[Event "FIDE World Rapid-ch Open 2018"]
[White "Mamedov, Rauf"]
[Black "Predke, Alexandr"]
[Site "St. Petersburg"]
[Round "15.36"]
[Annotator "TA"]
[Result "1/2-1/2"]
[Date "2018.12.28"]
[WhiteElo "2703"]
[BlackElo "2622"]
[PlyCount "36"]

1. e4 {} c5 2. Nf3 Nc6 3. d4 cxd4 4. Nxd4 Nf6 5. Nc3 e5 6. Ndb5 d6 7. Bg5 a6 8. Na3 b5 9. Bxf6 {B33: Sicilian: Pelikan and Sveshnikov
Variations} Qxf6 (9... gxf6 10. Nd5 f5 11. Bd3 Be6 12. 0-0 Bxd5 13. exd5 Ne7 14. Re1 Bg7 15. c3 0-0 16. Nc2 Re8 17. Qh5 e4 18. Bf1 Nxd5 19. Qxf5 Re5 20. Qh3 Qb6 21. Rad1 Rae8 22. Rxe4 Rxe4 23. Rxd5 {1/2-1/2 (41) Topalov,V (2749)
-Mamedov,R (2704) Shamkir 2018} )10. Nd5 {Predecessor:} Qd8 $146 11. Bxb5 axb5 12. Nxb5 Ra7 13. Nxa7 Qa5+ 14. c3 Qxa7 15. 0-0 Be7 16. a4 0-0 17. b4 Bh4 18. Qd3 Be6 {1-0 (39) Llorens,M (2353)-Ricardi,P (2505)
Santiago de Chile 2008} 1/2-1/2

[Event "FIDE World Rapid-ch Open 2018"]
[White "Akopian, Vladimir"]
[Black "Tari, Aryan"]
[Site "St. Petersburg"]
[Round "15.37"]
[Annotator "ChessBase"]
[Result "1/2-1/2"]
[Date "2018.12.28"]
[WhiteElo "2650"]
[BlackElo "2620"]
[PlyCount "42"]
[TimeControl "900+10"]

1. Nf3 {[%emt 0:0:0]} Nf6 {[%emt 0:0:0]} 2. c4 {[%emt 0:0:7]} c5 {[%emt 0:0:0]
} 3. g3 {[%emt 0:0:16]} d5 {[%emt 0:0:4]} 4. cxd5 {[%emt 0:0:0]} Nxd5 {[%emt 0:0:3]} 5. Bg2 {[%emt 0:0:8]} Nc6 {[%emt 0:0:4]} 6. Nc3 {[%emt 0:0:12]} Nxc3 {[%emt 0:0:21]} 7. bxc3 {[%emt 0:0:9]} e5 {[%emt 0:0:0]} 8. 0-0 {[%emt 0:0:18]} Be7 {[%emt 0:0:2]} 9. d3 {[%emt 0:0:12]} 0-0 {[%emt 0:0:6]
} 10. Rb1 {[%emt 0:0:2]} Qc7 {[%emt 0:0:9]} 11. Qc2 {[%emt 0:0:0]} Bf5 {[%emt 0:0:51]} 12. Nd2 {[%emt 0:0:11]} Rab8 {[%emt 0:1:36]} 13. Nc4 {[%emt 0:0:41]} b5 {[%emt 0:0:26]} 14. Ne3 {[%emt 0:0:7]} Be6 {[%emt 0:0:0]} 15. Nd5 {[%emt 0:0:7]} Qd7 {[%emt 0:0:8]} 16. e4 {[%emt 0:0:23]} Bd6 {[%emt 0:1:16]} 17. Be3 {[%emt 0:1:52]} f5 {[%emt 0:3:1]} 18. exf5 {[%emt 0:0:45]
} Bxf5 {[%emt 0:0:1]} 19. Be4 {[%emt 0:0:40]} Kh8 {[%emt 0:0:0]} 20. Rfe1 {[%emt 0:0:42]} Ne7 {[%emt 0:0:44]} 21. Nxe7 {[%emt 0:0:28]} Bxe7 {[%emt 0:0:28]} 1/2-1/2

[Event "FIDE World Rapid-ch Open 2018"]
[White "Bocharov, Dmitry"]
[Black "Petrov, Nikita"]
[Site "St. Petersburg"]
[Round "15.38"]
[Annotator "ChessBase"]
[Result "1-0"]
[Date "2018.12.28"]
[WhiteElo "2533"]
[BlackElo "2593"]
[PlyCount "67"]
[TimeControl "900+10"]

1. Nf3 {[%emt 0:0:0]} d5 {[%emt 0:0:0]} 2. g3 {[%emt 0:0:18]} g6 {[%emt 0:0:0]} 3. Bg2 {[%emt 0:0:7]} Bg7 {[%emt 0:0:0]} 4. c4 {[%emt 0:0:8]} dxc4 {[%emt 0:0:0]} 5. Qa4+ {[%emt 0:0:14]} Nc6 {[%emt 0:0:3]} 6. Qxc4 {[%emt 0:0:25]
} e5 {[%emt 0:0:15]} 7. 0-0 {[%emt 0:0:18]} Nge7 {[%emt 0:0:0]} 8. d3 {[%emt 0:0:2]} Be6 {[%emt 0:1:43]} 9. Qc2 {[%emt 0:0:5]} 0-0 {[%emt 0:0:56]
} 10. a3 {[%emt 0:1:46]} a5 {[%emt 0:0:27]} 11. Nc3 {[%emt 0:0:0]} Nd4 {[%emt 0:0:52]} 12. Nxd4 {[%emt 0:0:3]} exd4 {[%emt 0:0:1]} 13. Ne4 {[%emt 0:0:40]} Bd5 {[%emt 0:0:57]} 14. Bf4 {[%emt 0:0:16]} c6 {[%emt 0:0:25]
} 15. b4 {[%emt 0:0:19]} h6 {[%emt 0:2:43]} 16. bxa5 {[%emt 0:0:0]} Rxa5 {[%emt 0:1:0]} 17. Rfb1 {[%emt 0:2:22]} b6 {[%emt 0:0:44]} 18. Bd6 {[%emt 0:3:33]} Re8 {[%emt 0:0:55]} 19. a4 {[%emt 0:0:44]} c5 {[%emt 0:0:0]} 20. Bf4 {[%emt 0:1:14]} g5 {[%emt 0:1:17]} 21. Bd2 {[%emt 0:0:49]} Ra7 {[%emt 0:0:29]} 22. Be1 {[%emt 0:0:52]} f5 {[%emt 0:0:10]} 23. Nd2 {[%emt 0:0:2]
} Bxg2 {[%emt 0:0:4]} 24. Kxg2 {[%emt 0:0:2]} Nd5 {[%emt 0:0:0]} 25. Nc4 {[%emt 0:0:7]} f4 {[%emt 0:0:48]} 26. Qb3 {[%emt 0:0:36]} Rf7 {[%emt 0:0:46]} 27. Nxb6 {[%emt 0:0:46]} Nxb6 {[%emt 0:0:15]} 28. Qxb6 {[%emt 0:0:5]
} Qd5+ {[%emt 0:0:1]} 29. Kg1 {[%emt 0:0:14]} Rxe2 {[%emt 0:0:0]} 30. a5 {[%emt 0:0:11]} Qf5 {[%emt 0:0:44]} 31. a6 {[%emt 0:0:35]} fxg3 {[%emt 0:0:38]} 32. Qb8+ {[%emt 0:0:38]} Kh7 {[%emt 0:0:1]} 33. Qxg3 {[%emt 0:0:2]
} Re3 34. Qg2 1-0

[Event "FIDE World Rapid-ch Open 2018"]
[White "Bindrich, Falko"]
[Black "Dreev, Aleksey"]
[Site "St. Petersburg"]
[Round "15.39"]
[Annotator "ChessBase"]
[Result "0-1"]
[Date "2018.12.28"]
[WhiteElo "2606"]
[BlackElo "2670"]
[PlyCount "64"]
[TimeControl "900+10"]

1. d4 {[%emt 0:0:0]} d5 {[%emt 0:0:0]} 2. c4 {[%emt 0:0:0]} c6 {[%emt 0:0:0]} 3. Nf3 {[%emt 0:0:0]} Nf6 {[%emt 0:0:0]} 4. e3 {[%emt 0:0:0]} Bf5 {[%emt 0:0:0]} 5. Nc3 {[%emt 0:0:0]} a6 {[%emt 0:0:0]} 6. Be2 {[%emt 0:0:0]} h6 {[%emt 0:0:10]} 7. Bd3 {[%emt 0:0:2]} Bxd3 {[%emt 0:0:2]} 8. Qxd3 {[%emt 0:0:1]} e6 {[%emt 0:0:2]} 9. 0-0 {[%emt 0:0:3]} Bb4 {[%emt 0:0:0]} 10. Bd2 {[%emt 0:0:1]} 0-0 {[%emt 0:0:23]} 11. Rfd1 {[%emt 0:0:2]} Ba5 {[%emt 0:0:19]} 12. Rab1 {[%emt 0:0:12]} Nbd7 {[%emt 0:0:16]} 13. b4 {[%emt 0:0:2]
} Bc7 {[%emt 0:0:1]} 14. e4 {[%emt 0:1:4]} Nb6 {[%emt 0:0:0]} 15. c5 {[%emt 0:0:24]} Nc4 {[%emt 0:2:58]} 16. Be1 {[%emt 0:0:15]} Nh5 {[%emt 0:1:9]} 17. g3 {[%emt 0:0:15]} Qf6 {[%emt 0:1:38]} 18. Nd2 {[%emt 0:0:0]} Nxd2 {[%emt 0:0:23]} 19. Bxd2 {[%emt 0:0:3]} Qg6 {[%emt 0:0:33]} 20. Qf3 {[%emt 0:0:56]} dxe4 {[%emt 0:0:42]} 21. Nxe4 {[%emt 0:0:26]} f5 {[%emt 0:0:6]
} 22. Nc3 {[%emt 0:1:6]} f4 {[%emt 0:0:12]} 23. Qe4 {[%emt 0:0:0]} Rf5 {[%emt 0:0:28]} 24. Re1 {[%emt 0:0:22]} Re8 {[%emt 0:0:27]} 25. Ne2 {[%emt 0:1:49]} f3 {[%emt 0:1:22]} 26. Rb3 {[%emt 0:3:52]} Nf6 {[%emt 0:0:0]} 27. Qd3 {[%emt 0:0:14]} fxe2 28. Qxe2 {[%emt 0:0:2]} e5 {[%emt 0:0:0]} 29. Re3 {[%emt 0:0:5]} Ng4 {[%emt 0:0:19]} 30. Re4 {[%emt 0:0:53]} Nxf2 {[%emt 0:0:16]} 31. Rh4 {[%emt 0:0:4]} e4 {[%emt 0:0:25]} 32. Be3 {[%emt 0:0:24]
} Bxg3 {[%emt 0:0:15]} 0-1

[Event "FIDE World Rapid-ch Open 2018"]
[White "Jumabayev, Rinat"]
[Black "Timofeev, Artyom"]
[Site "St. Petersburg"]
[Round "15.40"]
[Annotator "ChessBase"]
[Result "1/2-1/2"]
[Date "2018.12.28"]
[WhiteElo "2602"]
[BlackElo "2589"]
[PlyCount "81"]
[TimeControl "900+10"]

1. Nf3 {[%emt 0:0:0]} d5 {[%emt 0:0:0]} 2. g3 {[%emt 0:0:0]} Nf6 {[%emt 0:0:8]
} 3. Bg2 {[%emt 0:0:0]} g6 {[%emt 0:0:2]} 4. c4 {[%emt 0:0:0]} c6 {[%emt 0:0:9]} 5. d4 {[%emt 0:0:5]} Bg7 {[%emt 0:0:9]} 6. 0-0 {[%emt 0:0:3]
} dxc4 {[%emt 0:0:7]} 7. a4 {[%emt 0:0:13]} 0-0 {[%emt 0:0:0]} 8. Na3 {[%emt 0:0:1]} Be6 {[%emt 0:0:10]} 9. Ng5 {[%emt 0:0:4]} Bd5 {[%emt 0:0:24]
} 10. e4 {[%emt 0:0:11]} h6 {[%emt 0:0:2]} 11. exd5 {[%emt 0:0:0]} hxg5 {[%emt 0:0:2]} 12. dxc6 {[%emt 0:0:2]} Nxc6 {[%emt 0:0:1]} 13. d5 {[%emt 0:0:3]} Na5 {[%emt 0:1:45]} 14. Bxg5 {[%emt 0:0:3]} Qb6 {[%emt 0:0:8]
} 15. Qe2 {[%emt 0:3:52]} Rac8 {[%emt 0:0:2]} 16. Nb5 {[%emt 0:1:39]
} a6 {[%emt 0:0:17]} 17. Nc3 {[%emt 0:0:3]} Qb4 {[%emt 0:0:0]} 18. Rfe1 {[%emt 0:0:33]} Rfe8 {[%emt 0:0:2]} 19. Rad1 {[%emt 0:0:2]} b5 {[%emt 0:0:51]} 20. axb5 {[%emt 0:0:16]} axb5 {[%emt 0:0:1]} 21. h4 {[%emt 0:0:12]
} Nb7 {[%emt 0:0:10]} 22. h5 {[%emt 0:0:41]} gxh5 {[%emt 0:0:0]} 23. Ne4 {[%emt 0:0:53]} Nd6 {[%emt 0:0:15]} 24. Bxf6 {[%emt 0:0:37]} exf6 {[%emt 0:0:55]} 25. Qxh5 {[%emt 0:0:27]} f5 {[%emt 0:2:29]} 26. Nxd6 {[%emt 0:0:15]
} Qxd6 {[%emt 0:0:2]} 27. Bh3 {[%emt 0:1:24]} Rxe1+ {[%emt 0:0:0]} 28. Rxe1 {[%emt 0:0:1]} Qxd5 {[%emt 0:0:3]} 29. Bxf5 {[%emt 0:0:0]} Kf8 {[%emt 0:0:43]} 30. Rd1 {[%emt 0:0:25]} Qe5 {[%emt 0:0:34]} 31. Rd7 {[%emt 0:3:18]} Qe1+ {[%emt 0:0:3]} 32. Kg2 {[%emt 0:0:23]} Qe8 {[%emt 0:0:0]} 33. Qd1 {[%emt 0:1:54]} Bf6 {[%emt 0:2:40]} 34. Qd5 {[%emt 0:0:11]} Rd8 {[%emt 0:0:24]} 35. Qxb5 {[%emt 0:1:46]} Rxd7 {[%emt 0:0:9]} 36. Bxd7 {[%emt 0:0:16]
} Qe4+ {[%emt 0:0:4]} 37. Kh2 {[%emt 0:0:3]} Qc2 {[%emt 0:0:0]} 38. Qc5+ {[%emt 0:0:27]} Kg7 {[%emt 0:0:2]} 39. Bb5 {[%emt 0:0:15]} Qh7+ {[%emt 0:0:34]} 40. Kg2 {[%emt 0:0:1]} Qe4+ {[%emt 0:0:1]} 41. Kh2 {[%emt 0:0:5]
} 1/2-1/2